00610nam a2200193Ia 450000500170000000800410001702000220005804100120008008200160009210000160010824500440012425000080016826000360017650000080021265000320022094200070025295201380025999900190039720240823023510.0240823s9999||||xx |||||||||||||| ||und|| a978-81-265-0977-5 aENGLISH A660.2815 P9 aRobin Smith 0aChemical Process Design and Integration a1st c2009bWiley India PvaNew Delhi aYES aChemical ProcessbChemistry cBK 00104070aNICHELIBbNICHELIBd2009-09-22eGlobal Book Syndicateg499.00l0o660.2815 P9p34786r2024-08-23 02:35:10w2024-08-23yBK c181688d181688